[Event "FIDE WCh Women World Cup"]
[Site "Khanty-Mansiysk RUS"]
[Date "2012.12.01"]
[Round "6.6"]
[White "Ushenina,A"]
[Black "Stefanova,A"]
[Result "1-0"]
[WhiteElo "2452"]
[BlackElo "2491"]

1.d4 d5 2.c4 c6 3.Nf3 Nf6 4.Nc3 e6 5.e3 a6 6.b3 Bb4 7.Bd2 Nbd7 8.Bd3 O-O
9.O-O Qe7 10.Qc2 dxc4 11.bxc4 e5 12.Ne4 Bxd2 13.Nfxd2 Nxe4 14.Nxe4 f5 15.Nc3 e4
16.Be2 b6 17.Rab1 Rb8 18.a4 Nf6 19.Rb2 Be6 20.Rfb1 Qc7 21.d5 cxd5 22.cxd5 Nxd5
23.Nxd5 Qxc2 24.Rxc2 Bxd5 25.Bxa6 Rf6 26.Bb5 g6 27.h3 Bf7 28.Rc7 Bd5 29.Rd1 Rf7
30.Rc3 Be6 31.Rd6 Re7 32.Rcc6 Bb3 33.Rc3 Bf7 34.Kh2 Ra7 35.Kg3 g5 36.Rf6 Bg6
37.h4 gxh4+ 38.Kxh4 Kg7 39.Rcc6 Rd8 40.Rxb6 Rd2 41.Kg3 Ra2 42.Rfd6 Kh6 43.Rd7 Ra8
44.Rbd6 Rc8 45.Rd2 Ra1 46.Rd1 Ra2 47.R1d2 Ra1 48.Kf4 Rg1 49.g3 Ra1 50.Rd1 Rxd1
51.Rxd1 Rc2 52.Rf1 Ra2 53.Bd7 Bf7 54.Bxf5 Rxa4 55.Rh1+ Kg7 56.Rxh7+ Kf6 57.Rh6+ Kg7
58.Rh2 Bg6 59.Bxg6 Kxg6 60.g4 Rb4 61.g5 Rb5 62.Rh6+ Kg7 63.Rh2 Kg6 64.Kxe4 Kxg5
65.Rg2+ Kf6 66.f4 Rb3 67.Rd2 Rb6 68.Rh2 Rb4+ 69.Kf3 Rb3 70.Rh6+ Kf5 71.Rh5+ Kf6
72.Rc5 Ra3 73.Rd5 Rb3 74.Ke4 Rb4+ 75.Rd4 Rb6 76.f5 Rb5 77.Rd6+ Ke7 78.Re6+ Kf7
79.Kf4 Rb1 80.e4 Rf1+ 81.Ke5 Ra1 82.Rd6 Ra5+ 83.Rd5 Ra7 84.f6 Kg6 85.Ke6 Ra8
86.Rd7 Ra6+ 87.Rd6 Ra8 88.Ke7 Ra7+ 89.Ke6 Ra8 90.e5 Re8+ 91.Kd5 Kf5 92.f7 Rf8
93.Rf6+ Kg5 94.Ke4  1-0

[Event "22nd TCh-SLO 2012"]
[Site "Slovenia SLO"]
[Date "2012.12.01"]
[Round "5"]
[White "Sebenik,M"]
[Black "Ribli,Z"]
[Result "1/2-1/2"]
[WhiteElo "2543"]
[BlackElo "2554"]

1.d4 d5 2.c4 c6 3.Nc3 Nf6 4.e3 e6 5.Nf3 Nbd7 6.Qc2 Bd6 7.Bd3 O-O 8.O-O dxc4
9.Bxc4 b5 10.Bd3 Bb7 11.a3 a5 12.e4 e5 13.dxe5 Nxe5 14.Nxe5 Bxe5 15.h3 Ba6
16.Rb1 b4 17.Bxa6 bxc3 18.Bd3 cxb2 19.Bxb2 Bxb2 20.Rxb2 Qe7 21.Re1 Rad8 22.Rb3 a4
23.Rb4 Nd5 24.Rxa4 Nf4 25.Bf1 c5 26.e5 Ne6 27.Rg4 Kh8 28.a4 Nd4 29.Qe4 Ra8
30.Bb5 Rfb8 31.Rh4 g6 32.Rf4 Ra7 33.Bc4 Ne6 34.Bxe6 Qxe6 35.Rf6 Qe7 36.Qf3 Kg7
37.Re4 Rb1+ 38.Kh2 Rb4 39.Rff4 Raxa4 40.Rxb4 Rxb4 41.g3  1/2-1/2

[Event "Vietnam National Masters Men 2012"]
[Site "Ho Chi Minh City VIE"]
[Date "2012.12.02"]
[Round "6.6"]
[White "Pham,X"]
[Black "Nguyen Tan Thinh"]
[Result "1/2-1/2"]
[WhiteElo "2232"]
[BlackElo "1919"]

1.d4 d5 2.c4 c6 3.Nf3 Nf6 4.e3 e6 5.Nc3 Nbd7 6.Qb3 Bd6 7.Bd3 O-O 8.O-O Qe7
9.Nd2 Bc7 10.f4 b6 11.Nf3 Bb7 12.Bd2 Rfd8 13.cxd5 exd5 14.Ne5 c5 15.Nxd7 Qxd7
16.dxc5 d4 17.Bb5 Bc6 18.Bxc6 Qxc6 19.exd4 bxc5 20.d5 Nxd5 21.Nxd5 Rxd5 22.Bc3 c4
23.Qc2 Qh6 24.Qe4 Rad8 25.Rae1 Qc6 26.Rf3 Bb6+ 27.Kh1 R5d6 28.Qxc6 Rxc6 29.g4 h5
30.gxh5 Bd4 31.Rd1 Rcd6 32.Bxd4 Rxd4 33.Rxd4 Rxd4 34.Kg2 Kh7 35.f5 f6 36.Kh3 Kh6
37.Rg3 Rd3 38.Kh4 Rd2 39.h3 Rxb2 40.Rg6+ Kh7 41.h6 gxh6 42.Rxf6 Kg7 43.Ra6 c3
44.a3 c2 45.Rc6 Ra2 46.Kg4 Rxa3 47.Rxc2 Ra4+ 48.Kf3 Kf6 49.Rc6+ Kxf5 50.Rxh6 Ra3+  1/2-1/2

[Event "TCh-AUT 2 West 2012-13"]
[Site "Rum AUT"]
[Date "2012.12.02"]
[Round "6.6"]
[White "Hicker,H"]
[Black "Kondrak,C"]
[Result "0-1"]
[WhiteElo "2072"]
[BlackElo "2192"]

1.d4 d5 2.c4 c6 3.Nc3 e6 4.e3 Nf6 5.Nf3 Be7 6.Bd3 O-O 7.O-O b6 8.b3 Bb7 9.Bb2 Nbd7
10.Qe2 c5 11.cxd5 Nxd5 12.Ba6 Bc6 13.Bb5 Nxc3 14.Bxc3 Bxb5 15.Qxb5 Qc8 16.Rac1 a6
17.Qe2 Qb7 18.Rfd1 Rfd8 19.dxc5 Bxc5 20.Qb2 Bf8 21.Qb1 h6 22.Bb2 Nc5 23.Rxd8 Rxd8
24.Rd1 Rxd1+ 25.Qxd1 Qe4 26.Bd4 a5 27.h3 Qd5 28.Qc2 Qb7 29.Nd2 Nd7 30.a4 e5
31.Bb2 Qd5 32.e4 Qe6 33.Qc4 Qd6 34.Qc2 f6 35.Qc4+ Kh7 36.Nf1 Qd1 37.Qe6 Bc5
38.Bc3 Nf8 39.Qc4 Qc2 40.Bd2 Qxc4 41.bxc4 Ne6 42.Ne3 Bd4 43.Nc2 Nc5 44.Nxd4 exd4
45.f3 Nxa4 46.Bc1 Nc5 47.Ba3 Kg6 48.Kf1 f5 49.Ke2 fxe4 50.fxe4 Kf6 51.Bc1 Ke5
52.g3 Kxe4 53.Bf4 a4 54.Kd2 a3 55.Kc2 a2  0-1

[Event "22nd TCh-SLO 2012"]
[Site "Slovenia SLO"]
[Date "2012.12.02"]
[Round "6"]
[White "Lenic,L"]
[Black "Pavasovic,D"]
[Result "1/2-1/2"]
[WhiteElo "2637"]
[BlackElo "2555"]

1.Nf3 d5 2.c4 e6 3.d4 c6 4.Nc3 Nf6 5.e3 Nbd7 6.Bd3 dxc4 7.Bxc4 b5 8.Bd3 Bd6
9.O-O O-O 10.b3 Bb7 11.Bb2 b4 12.Ne4 Nxe4 13.Bxe4 Nf6 14.Bd3 c5 15.dxc5 Bxc5
16.Qe2 Qe7 17.Rac1 Rac8 18.Ba6 Ne4 19.Bxb7 Qxb7 20.Rc4 Be7 21.Rfc1 Bf6 22.Bxf6 gxf6
23.Nd4 Rxc4 24.Rxc4 Rc8 25.h3 f5 26.Qd3 Qa6 27.Rxc8+ Qxc8 28.Qc2 Qc3 29.Qxc3 Nxc3
30.Nc6 Nxa2 31.Nxa7 Nc1 32.Nc6 Nxb3 33.Nxb4  1/2-1/2

[Event "Doroshkevicha Mem Open 2012"]
[Site "Sochi RUS"]
[Date "2012.12.02"]
[Round "7"]
[White "Orel,Danil"]
[Black "Grigorieva,D"]
[Result "0-1"]
[WhiteElo "1784"]
[BlackElo "1937"]

1.d4 d5 2.c4 c6 3.e3 Nf6 4.Nc3 e6 5.Nf3 Bd6 6.Bd3 Nbd7 7.O-O O-O 8.Qc2 dxc4
9.Bxc4 e5 10.Rd1 Qe7 11.h3 e4 12.Nd2 Nb6 13.Bf1 Re8 14.Nc4 Nxc4 15.Bxc4 b5
16.Bf1 Bd7 17.b3 Rac8 18.Bb2 b4 19.Na4 Nd5 20.Bc4 Qg5 21.Kf1 Re6 22.Nc5 Rf6
23.Bc1 Bxc5 24.dxc5 Rg6 25.g3 Bxh3+ 26.Ke1 Bg4 27.Rd2 Bf3 28.Be2 Qh5 29.Bxf3 Qxf3
30.Qd1 Qh1+  0-1

[Event "Vietnam National Masters Men 2012"]
[Site "Ho Chi Minh City VIE"]
[Date "2012.12.03"]
[Round "7.8"]
[White "Ton,T"]
[Black "Bui,Trong Hao"]
[Result "1-0"]
[WhiteElo "2209"]
[BlackElo "2119"]

1.d4 d5 2.c4 c6 3.Nf3 Nf6 4.e3 e6 5.Nc3 Nbd7 6.Bd3 dxc4 7.Bxc4 b5 8.Bd3 Bb7
9.O-O Be7 10.e4 a6 11.Re1 h6 12.Bc2 Rc8 13.a3 Nb6 14.b4 a5 15.Rb1 axb4 16.axb4 Na8
17.Qe2 Nc7 18.Bd2 Ra8 19.Rb3 Nd7 20.Bd3 Bf6 21.e5 Be7 22.Ne4 Nd5 23.Nc5 Ra7
24.Qe4 h5 25.h4 Nxc5 26.dxc5 Ra4 27.Rc1 Qa8 28.Qd4 g6 29.Bg5 Bxg5 30.Nxg5 O-O
31.Be4 Rd8 32.Bxd5 Rxd5 33.Qf4 Rd7 34.Ne4 Kg7 35.Nf6 Rd5 36.Nxd5 cxd5 37.Rf3 Qf8
38.c6 Bc8 39.Rc5 Ra1+ 40.Kh2 Re1 41.Rxb5 Re4 42.Qf6+ Kg8 43.Rb8 Rc4 44.b5  1-0

[Event "5th Kolkata Open"]
[Site "Kolkata IND"]
[Date "2012.12.03"]
[Round "1"]
[White "Suvrajit,S"]
[Black "Sethuraman,S"]
[Result "1/2-1/2"]
[WhiteElo "2338"]
[BlackElo "2520"]

1.d4 d5 2.c4 e6 3.Nc3 c6 4.e3 Nf6 5.Nf3 Nbd7 6.Qc2 g6 7.b3 Bg7 8.cxd5 exd5
9.Bb2 O-O 10.Be2 Re8 11.O-O b6 12.Rfd1 Bb7 13.a4 c5 14.a5 cxd4 15.a6 Bxa6
16.Bxa6 dxc3 17.Bxc3 Qe7 18.b4 Nf8 19.Ra4 Ne6 20.Qa2 Red8 21.Bxf6 Bxf6 22.Rxd5 Qc7
23.Rxd8+ Rxd8 24.Bf1 Qc3 25.g3 Rd1 26.Kg2 Rc1 27.Qd2 Qxd2 28.Nxd2 Rc7  1/2-1/2

[Event "4th London Classic Open"]
[Site "London ENG"]
[Date "2012.12.03"]
[Round "3"]
[White "Hajenius,W"]
[Black "Spychala,Josefa"]
[Result "1-0"]
[WhiteElo "1922"]
[BlackElo "1521"]

1.d4 Nf6 2.c4 e6 3.Nc3 d5 4.Nf3 c6 5.e3 Be7 6.Qc2 Nbd7 7.b3 O-O 8.Bb2 Re8
9.Bd3 dxc4 10.bxc4 h6 11.Rd1 c5 12.O-O cxd4 13.exd4 b6 14.Ne5 Nxe5 15.dxe5 Nd7
16.Qe2 Qc7 17.Qe4  1-0

[Event "Doroshkevicha Mem Open 2012"]
[Site "Sochi RUS"]
[Date "2012.12.03"]
[Round "8"]
[White "Kryzhanovskiy,Mikhail"]
[Black "Zalitko,Ivan"]
[Result "1/2-1/2"]
[WhiteElo "2040"]
[BlackElo "1818"]

1.Nf3 d5 2.c4 e6 3.d4 Nf6 4.Nc3 c6 5.e3 Nbd7 6.Qc2 Be7 7.Bd3 h6 8.O-O Qc7
9.b3 e5 10.cxd5 cxd5 11.Nb5 Qxc2 12.Bxc2 Kd8 13.dxe5 Ne8 14.Rd1 Nb6 15.e4 Bd7
16.Bd3 a6 17.Be3 Nc8 18.Nbd4 Nc7 19.Rac1 g6 20.Rc2 Ba3 21.Bf4 Be6 22.Bg3 Ne7
23.Nxe6+ fxe6 24.exd5 Ncxd5 25.Be4 Rc8 26.Rc4 b5 27.Rcd4 Rc1 28.Rxc1 Bxc1
29.a4 Kd7 30.Rd1 Rc8 31.axb5 axb5 32.Bd3 b4 33.Bb5+ Kd8 34.Nd4 Rc3 35.Nxe6+ Kc8
36.Nd4 Bb2 37.e6 Rc1 38.Rxc1+ Bxc1 39.Nc6 Nxc6 40.Bxc6 Ne7 41.Bd7+ Kd8 42.Be5 Bd2
43.Kf1 Bc3 44.Bd6 Nf5 45.Bc5 Nd4 46.g4 Nxb3 47.Bf8 Nd4 48.Bxh6 b3 49.Bg5+ Kc7
50.Bf4+ Kd8 51.Bg5+ Kc7 52.Bf4+  1/2-1/2

[Event "Russia Cup Final Women 2012"]
[Site "Khanty-Mansiisk RUS"]
[Date "2012.12.04"]
[Round "1.1"]
[White "Girya,O"]
[Black "Mirzoeva,E"]
[Result "1-0"]
[WhiteElo "2467"]
[BlackElo "2276"]

1.c4 Nf6 2.d4 c6 3.Nc3 d5 4.e3 e6 5.Nf3 Nbd7 6.Qc2 Bd6 7.b3 O-O 8.Be2 b6
9.O-O Bb7 10.Bb2 Qe7 11.Rad1 Rad8 12.Rfe1 Rfe8 13.Bf1 e5 14.dxe5 Nxe5 15.Nxe5 Qxe5
16.g3 Qh5 17.cxd5 Ng4 18.h3 Ne5 19.Bg2 Nf3+ 20.Bxf3 Qxf3 21.Qe2 Qf5 22.Qg4 Qxg4
23.hxg4 cxd5 24.Nxd5 Bc8 25.f3 Bxg3 26.Ne7+ Kh8 27.Rxd8 Rxd8 28.Rc1 Be6 29.Bd4 h6
30.Kg2 Bd6 31.Nf5 Bxf5 32.gxf5 Bc5 33.Bxc5 Rd2+ 34.Kg3 bxc5 35.a4 Rd3 36.e4 Rxb3
37.Rxc5 Rb7 38.e5 Kh7 39.a5 a6 40.Kg4 Rb4+ 41.f4 Ra4 42.Rc7 Kg8 43.Rc8+ Kh7
44.Rc7 Kg8 45.e6 fxe6 46.fxe6 Kf8 47.Rf7+ Kg8 48.Ra7 Kf8 49.Rf7+ Kg8 50.Kf5 g5
51.Kg6 Re4 52.f5 g4 53.e7  1-0

[Event "FSIM December 2012"]
[Site "Budapest HUN"]
[Date "2012.12.05"]
[Round "4.1"]
[White "Szeberenyi,A"]
[Black "Kislik,E"]
[Result "1/2-1/2"]
[WhiteElo "2331"]
[BlackElo "2361"]

1.d4 d5 2.c4 c6 3.Nc3 Nf6 4.e3 e6 5.Nf3 Nbd7 6.Qc2 Bd6 7.Bd3 O-O 8.O-O dxc4
9.Bxc4 a6 10.a4 c5 11.Ne4 Nxe4 12.Qxe4 Nf6 13.Qh4 Be7 14.Be2 Nd7 15.Qh5 Nf6
16.Qh4 Nd7 17.Qh5 Nf6  1/2-1/2

[Event "Russia Cup Final Women 2012"]
[Site "Khanty-Mansiisk RUS"]
[Date "2012.12.05"]
[Round "1.2"]
[White "Karnaukhova,Elmira"]
[Black "Charochkina,D"]
[Result "0-1"]
[WhiteElo "2365"]
[BlackElo "2317"]

1.d4 d5 2.c4 c6 3.Nc3 Nf6 4.Nf3 e6 5.e3 Nbd7 6.Bd3 dxc4 7.Bxc4 b5 8.Bb3 b4
9.Ne2 Bb7 10.O-O Bd6 11.Ng3 O-O 12.Qe2 c5 13.Rd1 Rc8 14.Ne5 Qc7 15.f4 cxd4
16.exd4 Bd5 17.Bd2 Qb7 18.Be1 Nb6 19.Bc2 Bxg2 20.Bd3 Bxe5 21.fxe5 Bf3 22.Qf1 Ng4
23.Ba6 Qa8 24.Rd3 Bd5 25.Bxb4 Rc2 26.Ne2 Bc4 27.Bxc4 Nxc4 28.Qf4 Rxe2 29.Qxg4 Re4
30.Qg2 Rb8 31.Bc3 Qd5 32.Rg3 Ne3 33.Qf3 Nf5 34.Rf1 Rb7 35.Rh3 Nxd4 36.Qh5 Ne2+
37.Kf2 h6 38.Rf3 Nf4  0-1

[Event "4th London Classic Open"]
[Site "London ENG"]
[Date "2012.12.07"]
[Round "7.8"]
[White "Hawkins,Jo"]
[Black "Moriuchi,T"]
[Result "1-0"]
[WhiteElo "2507"]
[BlackElo "2316"]

1.d4 d5 2.c4 c6 3.Nc3 Nf6 4.e3 e6 5.Nf3 Nbd7 6.Qc2 Bd6 7.Bd3 O-O 8.O-O dxc4
9.Bxc4 b5 10.Be2 Bb7 11.Rd1 Qb8 12.e4 e5 13.g3 Re8 14.dxe5 Nxe5 15.Bg5 Nxf3+
16.Bxf3 Be5 17.Bg2 h6 18.Be3 Qc7 19.Rac1 Qa5 20.Bc5 b4 21.Na4 Rad8 22.Qb3 Rxd1+
23.Rxd1 Rd8 24.Rxd8+ Qxd8 25.Bxb4 Bc8 26.Qc2 Bg4 27.Qd2 Qxd2 28.Bxd2 Bd1
29.b3 Bc2 30.Bc3 Nd7 31.f4 Bc7 32.e5 Bb1 33.Bxc6 Nb6 34.Nc5 Bxa2 35.Be4 Nc8
36.Bc2 Bb6 37.Bd4 Ne7 38.Be4 g6 39.Bf2 Nf5 40.Bc2 a5 41.Kf1 Ne7 42.Nd7 Bxf2
43.Kxf2 Nc6 44.Ke3 Kg7 45.Kd2 a4 46.bxa4 Be6 47.Nf6 Kf8 48.Kc3 Ke7 49.Be4 Nb8
50.Kb4 Kd8 51.a5 Kc7 52.Kb5 Bh3 53.Bd5  1-0

[Event "12th Porec Open"]
[Site "Porec CRO"]
[Date "2012.12.07"]
[Round "4.5"]
[White "Samovojska,D"]
[Black "Kukurin,Luka"]
[Result "1/2-1/2"]
[WhiteElo "2225"]
[BlackElo "1802"]

1.d4 Nf6 2.Nf3 d5 3.e3 e6 4.c4 c6 5.Nc3 Nbd7 6.Bd2 Bd6 7.Bd3 dxc4 8.Bxc4 b5
9.Bd3 O-O 10.O-O a6 11.Ng5 e5 12.Nge4 Qc7 13.Nxd6 Qxd6 14.Ne4 Nxe4 15.Bxe4 exd4
16.exd4 Nf6 17.Bf3 Qxd4 18.Qc2 Be6  1/2-1/2

[Event "22nd TCh-SLO 2012"]
[Site "Slovenia SLO"]
[Date "2012.12.07"]
[Round "7"]
[White "Jelen,Ig"]
[Black "Kariz,P"]
[Result "1-0"]
[WhiteElo "2368"]
[BlackElo "2132"]

1.d4 d5 2.c4 c6 3.Nc3 Nf6 4.e3 e6 5.Nf3 Nbd7 6.Qc2 Bd6 7.Bd3 dxc4 8.Bxc4 b5
9.Be2 Bb7 10.O-O a6 11.Rd1 Qc7 12.e4 e5 13.Bg5 O-O 14.Bh4 exd4 15.Rxd4 c5
16.Rd2 Bf4 17.Bg3 Bxg3 18.hxg3 Rfe8 19.Rad1 Rac8 20.Bxb5 axb5 21.Nxb5 Qc6
22.Nd6 Re7 23.Nxc8 Bxc8 24.Nd4 Qxe4 25.Nf5 Re6 26.Qxe4 Nxe4 27.Rxd7 Bxd7
28.Rxd7 h5 29.Re7 Rxe7 30.Nxe7+ Kf8 31.Nd5 Nd2 32.f3 Nc4 33.b3 Na3 34.Kf2 Ke8
35.Ke3 Kd7 36.Nb6+ Ke6 37.Kd3 g5 38.Nc4 Nb5 39.Nd2 Na3 40.Ne4 Kf5 41.Nxc5 h4
42.Ne4 hxg3 43.Nxg3+ Ke5 44.Ne4 Kf4 45.g3+ Kf5 46.Nd6+  1-0

[Event "ch-IRI 2012"]
[Site "Zahedan IRI"]
[Date "2012.12.07"]
[Round "1.5"]
[White "Lorparizangeneh,S"]
[Black "Javanbakht,N"]
[Result "0-1"]
[WhiteElo "2190"]
[BlackElo "2406"]

1.d4 d5 2.c4 e6 3.Nc3 c6 4.Nf3 Nf6 5.e3 Nbd7 6.Qc2 Bd6 7.Bd3 dxc4 8.Bxc4 b5
9.Be2 Bb7 10.O-O O-O 11.e4 e5 12.Rd1 Qc7 13.dxe5 Nxe5 14.Nd4 Ng6 15.g3 b4
16.Nf5 Be5 17.Na4 c5 18.f3 Rfc8 19.Be3 c4 20.Nc5 c3 21.bxc3 Bxc3 22.Rab1 Bc6
23.Nd6 Rd8 24.Na6 Qa5 25.Qb3 Ne5 26.Nxb4 Bxb4 27.Qxb4 Qxa2 28.Rd2 Qe6 29.f4 a5
30.Qc5 Nxe4 31.Nxe4 Bxe4 32.Rbd1 Rxd2 33.Bxd2 Nf3+ 34.Bxf3 Bxf3 35.Re1 Qh3
36.Qf2 Bc6 37.Rc1 Qd7 38.Qc5 Qxd2 39.Qxc6 Rd8 40.Qc3 Qxc3 41.Rxc3 a4 42.Kf2 Ra8
43.Ra3 Kf8 44.Ke3 Ke7 45.Kd4 Kd6 46.Kc4 Kc6 47.Rc3 Kb6 48.Ra3 h5 49.Kb4 Ra5
50.h3 Rb5+ 51.Kc4 Ka5 52.Re3 Rb4+ 53.Kc5 Rb3 54.Re7 Rc3+ 55.Kd4 Rxg3 56.Rxf7 a3
57.Ra7+ Kb6  0-1

[Event "22nd TCh-SLO 2012"]
[Site "Slovenia SLO"]
[Date "2012.12.08"]
[Round "8"]
[White "Podkriznik,G"]
[Black "Lazar,Ales ML"]
[Result "1-0"]
[WhiteElo "2334"]
[BlackElo "2304"]

1.c4 c6 2.Nf3 d5 3.e3 Nf6 4.Nc3 e6 5.d4 Nbd7 6.Qc2 Bd6 7.Bd3 O-O 8.O-O dxc4
9.Bxc4 b5 10.Be2 Bb7 11.Rd1 Qc7 12.e4 e5 13.Bg5 Rfe8 14.dxe5 Nxe5 15.Bxf6 Nxf3+
16.Bxf3 gxf6 17.g3 b4 18.Nb1 c5 19.Nd2 Bf8 20.Bg2 Qe7 21.Re1 a5 22.Nc4 a4
23.Rad1 Ra6 24.f3 f5 25.e5 f4 26.Nd6 fxg3 27.hxg3 Rxd6 28.exd6 Qxe1+ 29.Rxe1 Rxe1+
30.Kf2 Re6 31.d7 Rd6 32.Qf5 Be7 33.Bh3 f6 34.Qh5 Bc6 35.Qe8+ Bf8 36.Be6+  1-0

[Event "22nd TCh-SLO 2012"]
[Site "Slovenia SLO"]
[Date "2012.12.08"]
[Round "8"]
[White "Ribli,Z"]
[Black "Pavasovic,D"]
[Result "1/2-1/2"]
[WhiteElo "2554"]
[BlackElo "2555"]

1.c4 e6 2.Nc3 d5 3.d4 c6 4.e3 Nf6 5.Nf3 Nbd7 6.Qc2 Bd6 7.b3 O-O 8.Be2 b6
9.O-O Bb7 10.Bb2 Qe7 11.Rad1 Rfe8 12.Rfe1 Rad8 13.e4 Nxe4 14.Nxe4 dxe4 15.Qxe4 Bb4
16.Rf1 Ba3 17.Bc3 Bb4 18.Bb2 Ba3 19.Bc3 Bb4 20.Bb2 Ba3  1/2-1/2

[Event "22nd TCh-SLO 2012"]
[Site "Slovenia SLO"]
[Date "2012.12.08"]
[Round "9"]
[White "Polajzer,D"]
[Black "Rusjan,M"]
[Result "1/2-1/2"]
[WhiteElo "2295"]
[BlackElo "2204"]

1.Nf3 Nf6 2.c4 e6 3.Nc3 d5 4.d4 c6 5.e3 Nbd7 6.Qc2 Bd6 7.Bd3 O-O 8.O-O e5
9.cxd5 cxd5 10.Nb5 Qe7 11.Nxd6 Qxd6 12.dxe5 Nxe5 13.Nxe5 Qxe5 14.Bd2 h6 15.Bc3 Qe7
16.Qa4 Rd8 17.Qh4 Be6 18.Rfc1 Rac8 19.Bd4 a6 20.a3 Rxc1+ 21.Rxc1 Rc8 22.Rxc8+ Bxc8
23.b4 Bd7 24.Bxf6 Qxf6 25.Qxf6 gxf6 26.Kf1 Kf8 27.Ke2 Ke7 28.Kd2 Kd6 29.Kc3 f5
30.Kd4 f6 31.g3 b5 32.Bc2 Bc8 33.a4 bxa4 34.Bxa4 Bb7 35.Bb3 Bc6 36.Bc2 Bd7
37.Bd3 Bc8 38.f3 Kc6 39.Be2 Bb7 40.Bf1 Bc8 41.h4 Bb7 42.Bh3 Kb5 43.Kc3 Bc8
44.Bf1+ Kc6 45.Bd3 Kd6 46.Kd4 Kc6 47.Bf1 Bb7 48.Be2 Kd6 49.Bd1 Bc6 50.Bb3 Bb7
51.f4 Bc6 52.Bc2 Bd7 53.Bd3 Bc8 54.Be2 Kc6 55.Bh5 Be6 56.Be8+ Kd6 57.Kc3 Bg8
58.Ba4 Be6 59.Kd4 Bc8 60.Bb3 Bb7 61.Ba2 Bc6 62.Bb1 Bd7 63.Bc2 Bc8 64.Bd3 Kc6
65.Be2  1/2-1/2

[Event "ch-IRI 2012"]
[Site "Zahedan IRI"]
[Date "2012.12.08"]
[Round "2.5"]
[White "Aghaei,Alireza"]
[Black "Pourramezanali,A"]
[Result "0-1"]
[WhiteElo "2188"]
[BlackElo "2365"]

1.d4 d5 2.c4 c6 3.Nc3 Nf6 4.e3 e6 5.Nf3 Nbd7 6.Bd3 Bd6 7.e4 dxc4 8.Bxc4 b5
9.Bd3 e5 10.O-O O-O 11.Ne2 Re8 12.Bg5 a6 13.a4 Bb7 14.Ng3 exd4 15.Nf5 Bf8
16.Re1 c5 17.e5 Bxf3 18.Qxf3 Rxe5 19.Qg3 Rxe1+ 20.Rxe1 g6 21.axb5 axb5 22.b3 c4
23.bxc4 bxc4 24.Bxc4 Qa5 25.Ne7+ Kg7 26.f4 Qc5 27.Qh4 Bxe7 28.Qh6+ Kg8 29.Bd3 Qc3
30.Rxe7 Qxd3 31.h3 Qg3 32.f5 Ra1+ 33.Bc1 Qc3  0-1

[Event "TCh-CZE Div1 Zapad 2012-13"]
[Site "Czech Republic CZE"]
[Date "2012.12.09"]
[Round "4.5"]
[White "Straka,V"]
[Black "Pesout,J"]
[Result "1-0"]
[WhiteElo "2285"]
[BlackElo "2235"]

1.d4 Nf6 2.Nf3 d5 3.c4 c6 4.Nc3 e6 5.e3 Be7 6.Bd3 O-O 7.O-O Nbd7 8.e4 dxe4
9.Nxe4 c5 10.Nxc5 Bxc5 11.dxc5 Nxc5 12.Bc2 Qxd1 13.Rxd1 b6 14.Ne5 Bb7 15.f3 Rfd8
16.Bg5 h6 17.Be3 Kf8 18.Kf2 Rac8 19.Rxd8+ Rxd8 20.Rd1 Rxd1 21.Bxd1 Nfd7 22.Nxd7+ Nxd7
23.Bd4 f6 24.Ke3 Bc6 25.b4 Ke7 26.Kd2 e5 27.Be3 f5 28.Bc2 Ke6 29.a4 g5 30.h3 f4
31.Bf2 Kd6 32.Kc3 Bb7 33.Bf5 Nf6 34.Kd3 h5 35.a5 Kc7 36.axb6+ axb6 37.b5 Ne8
38.Bg6 Nf6 39.Bf5 Ne8 40.Be4 Bc8 41.c5 bxc5 42.Bxc5 Bd7 43.b6+ Kb8 44.Kc4 Be6+
45.Kb5  1-0

[Event "Bundesliga 2012-13"]
[Site "Griesheim GER"]
[Date "2012.12.09"]
[Round "6"]
[White "Schaeffner,C"]
[Black "Diaz,Joa"]
[Result "1/2-1/2"]
[WhiteElo "2165"]
[BlackElo "2176"]

1.d4 d5 2.c4 c6 3.Nc3 Nf6 4.e3 e6 5.Nf3 Nbd7 6.Bd3 dxc4 7.Bxc4 b5 8.Bd3 a6
9.e4 c5 10.e5 cxd4 11.Nxb5 Ng4 12.Nbxd4 Bb4+ 13.Bd2 Bxd2+ 14.Qxd2 Bb7 15.O-O Bxf3
16.Nxf3 Ndxe5 17.Nxe5 Nxe5 18.Rad1 Nxd3 19.Qxd3 Qxd3 20.Rxd3 Ke7  1/2-1/2

[Event "5th Kolkata Open"]
[Site "Kolkata IND"]
[Date "2012.12.09"]
[Round "7"]
[White "Wojtaszek,R"]
[Black "Sethuraman,S"]
[Result "1/2-1/2"]
[WhiteElo "2734"]
[BlackElo "2520"]

1.d4 d5 2.c4 c6 3.Nf3 Nf6 4.Nc3 e6 5.e3 Nbd7 6.Bd3 dxc4 7.Bxc4 b5 8.Bd3 Bb7
9.e4 b4 10.Na4 c5 11.e5 Nd5 12.O-O cxd4 13.Nxd4 Be7 14.Re1 Nc5 15.Nxc5 Bxc5
16.Nb3 Be7 17.Qg4 Qb6 18.Qxg7 O-O-O 19.Be4 Rhg8 20.Qh6 Nc3 21.Bxb7+ Qxb7
22.Qh3 Ne2+ 23.Kh1 Rd3 24.Be3 Nf4 25.Qf3 Qxf3 26.gxf3 Nh3 27.Rac1+ Kb8 28.Rc2 Bh4
29.Rf1 Bg5 30.Nc5 Rd5 31.Na6+ Kb7 32.Nxb4 Rxe5 33.Nd3 Rf5 34.f4 Bxf4 35.Nxf4 Nxf4
36.Rg1 Rd8 37.Bxf4 Rxf4 38.Rg3 Rd6 39.Kg2 h5 40.Rb3+ Rb6 41.Rd3 Rb5 42.b3 Rg5+
43.Rg3 Rgf5 44.Rd3 Rg5+ 45.Kf1 a5 46.Rd7+ Kb6 47.Rd6+ Kb5 48.Rd3 Kb4  1/2-1/2

[Event "5th Kolkata Open"]
[Site "Kolkata IND"]
[Date "2012.12.10"]
[Round "8"]
[White "Arun Prasad,S"]
[Black "Adhiban,Baskaran"]
[Result "1/2-1/2"]
[WhiteElo "2513"]
[BlackElo "2567"]

1.d4 d5 2.c4 e6 3.Nc3 c6 4.e3 Nf6 5.Nf3 Nbd7 6.b3 Ne4 7.Nxe4 dxe4 8.Nd2 f5
9.Bb2 Bd6 10.Qc2 O-O 11.O-O-O a5 12.g4 a4 13.c5 axb3 14.Qxb3 Bc7 15.gxf5 Nf6
16.Bc4 Nd5 17.fxe6 Bxe6 18.Nxe4 Qh4 19.Nc3 Kh8 20.Nxd5 cxd5 21.Bxd5 Bxd5
22.Qxd5 Rxf2 23.Rhf1 Qxh2 24.Rxf2 Qxf2 25.Qe4 Qf7 26.Rh1 h5 27.a3 Re8 28.Qxb7 Rxe3
29.Qg2 Kg8 30.Kb1 h4 31.Qg5 Re4 32.d5 Bg3 33.Rd1 Re2 34.Qg4 Rf2 35.Ka1 Qb7
36.Qe6+ Kh7 37.Qe4+ Kg8 38.Qd4 Rf4 39.Qc3 Qf7 40.d6 Rf1 41.Qd3 Rxd1+ 42.Qxd1 Qd7
43.Qd5+ Kh7 44.Qh5+ Kg8 45.Qd5+ Kh7 46.Qd3+ Kh6 47.Qe3+ g5 48.Qe7 Qf5 49.d7 Qf1+
50.Ka2 Qc4+ 51.Kb1 Qd3+ 52.Ka1 Qf1+  1/2-1/2

[Event "4th Penang Heritage City Open"]
[Site "Penang MAS"]
[Date "2012.12.11"]
[Round "1.30"]
[White "Tan Khai Boon"]
[Black "Tan,Tze Lin Tommy"]
[Result "1-0"]
[WhiteElo "2139"]
[BlackElo "1631"]

1.d4 d5 2.c4 c6 3.Nf3 Nf6 4.Nc3 e6 5.e3 Bd6 6.Qc2 b6 7.Bd2 Bb7 8.O-O-O Nbd7
9.e4 dxe4 10.Nxe4 Nxe4 11.Qxe4 Nf6 12.Qh4 Qe7 13.Bd3 O-O-O 14.Rhe1 h6 15.Qh3 g5
16.Ne5 Qc7 17.Bc3 Bxe5 18.dxe5 Nd7 19.Bc2 h5 20.Qf3 Rdf8 21.Rd2 Ba6 22.Red1 Nb8
23.b3 Rfg8 24.Be4 g4 25.Qf6 h4 26.Rd6 Re8 27.Bd2 Reg8 28.Bg5 h3 29.g3 Bb7
30.Qf4 Re8 31.Qxg4 Rhg8 32.Qh4 Rh8 33.Qf4 Rhf8 34.Bf6 a5 35.Bg7 Rg8 36.Qf6 Na6
37.Bh7 Nc5 38.Bxg8 Rxg8 39.f3 Na6 40.Bh6 Kb8 41.Rd7 Qc8 42.Rd8 c5 43.Rxc8+ Rxc8
44.Qxf7 Nb4 45.Qxe6 Ka7 46.Rd7 Nxa2+ 47.Kb2 Nb4 48.Qf7 Rb8 49.e6  1-0

[Event "III ITT JAHV McGREGOR"]
[Site "Bogota COL"]
[Date "2012.12.12"]
[Round "1.61"]
[White "Lozada,Gustavo"]
[Black "Villamil,Hector Orlando"]
[Result "1/2-1/2"]
[WhiteElo "1934"]
[BlackElo "2061"]

1.Nf3 Nf6 2.d4 d5 3.c4 c6 4.e3 e6 5.Nc3 Nbd7 6.a3 Be7 7.Bd3 O-O 8.O-O b6
9.Re1 Bb7 10.e4 dxe4 11.Nxe4 c5 12.Qc2 cxd4 13.Nxd4 Rc8 14.Nb5 Bxe4 15.Bxe4 Nxe4
16.Rxe4 a6 17.Nc3 Nc5 18.Re1 Qd3 19.Qxd3 Nxd3 20.Re4 Nc5 21.Rg4 f5 22.Rg3 Bd6
23.Re3 Nb3 24.Rb1 Nxc1 25.Rxe6 Bf4 26.Nd5 Bg5 27.h4 Rxc4 28.hxg5 Nd3 29.Rxb6 Rc2
30.Rf1 Rxb2 31.Rxa6 Ne5 32.Ra7 Nc4 33.Ne7+ Kf7 34.Nxf5+ Kg6 35.Nh4+ Kxg5
36.Nf3+ Kh6 37.a4 Rc8 38.Re7  1/2-1/2

[Event "III ITT JAHV McGREGOR"]
[Site "Bogota COL"]
[Date "2012.12.12"]
[Round "2.17"]
[White "Sanchez L,S"]
[Black "Pachon,A"]
[Result "1-0"]
[WhiteElo "2313"]
[BlackElo "2052"]

1.c4 e6 2.d4 d5 3.Nf3 Nf6 4.Nc3 c6 5.e3 Nbd7 6.Qc2 Bd6 7.g4 h6 8.Rg1 b6 9.h4 Bb7
10.g5 hxg5 11.hxg5 Nh5 12.cxd5 cxd5 13.Bd2 Qc7 14.O-O-O O-O-O 15.Kb1 Kb8
16.Qa4 Bc6 17.Bb5 Rc8 18.Bxc6 Qxc6 19.Nb5  1-0

[Event "5th Kolkata Open"]
[Site "Kolkata IND"]
[Date "2012.12.12"]
[Round "10.10"]
[White "Adly,A"]
[Black "Debashis,D"]
[Result "1-0"]
[WhiteElo "2607"]
[BlackElo "2464"]

1.d4 d5 2.Nf3 Nf6 3.c4 c6 4.Nc3 e6 5.e3 Nbd7 6.Qc2 Bd6 7.Bd3 O-O 8.O-O dxc4
9.Bxc4 b5 10.Bd3 Bb7 11.e4 e5 12.Ne2 c5 13.dxc5 Nxc5 14.Ng3 Rc8 15.Qe2 a6
16.Rd1 g6 17.Bc2 Ne6 18.Bh6 Re8 19.Bb3 Qe7 20.Ng5 Nxg5 21.Bxg5 Red8 22.Rd3 Bb8
23.Bxf6 Qxf6 24.Rf3 Qb6 25.Rxf7 Kh8 26.Qf3 Ba8 27.h4  1-0

[Event "5th Kolkata Open"]
[Site "Kolkata IND"]
[Date "2012.12.13"]
[Round "11.7"]
[White "Ganguly,S"]
[Black "Adly,A"]
[Result "1-0"]
[WhiteElo "2630"]
[BlackElo "2607"]

1.d4 d5 2.c4 e6 3.Nf3 Nf6 4.Nc3 c6 5.e3 Nbd7 6.Bd3 dxc4 7.Bxc4 Bd6 8.e4 e5
9.dxe5 Nxe5 10.Nxe5 Bxe5 11.Qxd8+ Kxd8 12.Bxf7 Bxc3+ 13.bxc3 Nxe4 14.O-O Rf8
15.Bb3 Nxc3 16.Re1 Bd7 17.Bg5+ Kc7 18.Rac1 Nb5 19.Re7 Rae8 20.Rxg7 Kc8 21.Rd1 Be6
22.Bxe6+ Rxe6 23.h4 h6 24.Be3 Rd6 25.Rxd6 Nxd6 26.g4 h5 27.Rg6 Nc4 28.Bh6 Ne5
29.Bxf8 Nxg6 30.Bg7 Nxh4 31.gxh5 Kd7 32.h6 Nf3+ 33.Kg2 Ng5 34.f4 Nh7 35.Kf3 Ke6
36.Ke4 Nf6+ 37.Bxf6 Kxf6 38.f5 b5 39.h7 Kg7 40.Ke5 Kxh7 41.Ke6 Kg8 42.Ke7  1-0